| 000 | 00579nam a2200157 a 4500 | ||
|---|---|---|---|
| 001 | 9123 | ||
| 005 | 20180713193107.0 | ||
| 008 | 140415s1991 000 0 spa d | ||
| 041 | _aspa | ||
| 082 |
_a621.4838 _bINT |
||
| 100 | 1 | _aINTERNATIONAL SYMPOSIUN ON CERAMICS IN NUCLEAR... | |
| 245 | 1 | 0 | _aFIFTH INTERNATIONAL SYMPOSIUN ON CERAMICS IN NUCLEAR... |
| 260 |
_a[s.l.] : _bTHE AMERICAN CERAMIC SOCIETY, _c1991 |
||
| 300 | _a799 | ||
| 650 | 1 | 4 |
_aDISPOSICION DE RESIDUOS RADIACTIVOS _xESTADOS UNIDOS _xCON... _xDISPOSICION DE RESIDUOS RADIOACTIVOS _xNEW YORK _xCONGRESOS |
| 999 |
_c9123 _d9123 |
||